000 00491nam a2200181Ia 4500
001 15227
005 20260306165012.0
008 260306t2015||||xx |||||||||||||| ||spa||
041 _aESP
082 _a530.15
_bS21
100 _aSan Martín Moreno, Jesús
_eAUT
245 0 _aMétodos matemáticos:
_bampliación de matemáticas para ciencias e ingeniería
260 _c2015
300 _axviii, 618 páginas :
_c24 cm.
650 _aGEN
654 _aCCN
942 _cLIB
_dJUS
_fJUS
_2ddc
_n
999 _c15227
_d15227